MARC

LEADER 00000nam0a2200000 4500
001 309356
005 20231102002201.0
010 |a 5900168247 
035 |a (RuTPU)RU\TPU\book\334678 
090 |a 309356 
100 |a 20151112d1996 m y0rusy50 ca 
101 0 |a rus 
102 |a RU 
105 |a y z 000ay 
200 1 |a Дикое поле. Братья Грузиновы  |e исторические романы  |f Д. Петров (Бирюк) 
210 |a Москва  |c Фоском-Диалог  |d 1996 
215 |a 622 с. 
225 1 |a Русские люди 
606 |a Русская литература современная  |2 stltpush  |3 (RuTPU)RU\TPU\subj\26373  |9 50316 
610 1 |a художественная литература 
610 1 |a русская литература 
610 1 |a исторические романы 
610 1 |a казачество 
610 1 |a Дон 
675 |a Р2  |v 4 
700 1 |a Петров (Бирюк)  |b Д.  |g Дмитрий  |4 070 
801 1 |a RU  |b 63413507  |c 20151112 
801 2 |a RU  |b 63413507  |c 20210414  |g RCR 
942 |c BK